000
00272nam a2200109Ia 4500
008
201223s9999 xx 000 0 und d
100
_a
Basham, A.L. (Ed.)
245
2
_a
A cultural history of India
260
_a
Delhi
_b
Oxford University Press
300
_a
585
942
_c
BK
999
_c
8235
_d
8235